| 000 | 00764cam a22002414a 4500 | ||
|---|---|---|---|
| 003 | UPN | ||
| 005 | 20240803063756.0 | ||
| 008 | 090216s1999 es r 000 f spa d | ||
| 035 | _aUPN01000169330 | ||
| 040 |
_aUPN _bspa _cUPN |
||
| 049 | _aCG | ||
| 050 | 4 |
_aPQ6656 E76 _bZ37 1999 |
|
| 100 | 1 |
_aPacheco, Miguel Angel, _d1944- _928585 |
|
| 245 | 1 | 4 |
_aLos zapatos de Murano / _cMiguel Fernández-Pacheco ; invitación y actividades de Eugenia Popeanga. |
| 260 |
_aMadrid : _bSiruela, _c1999. |
||
| 300 | _a166 páginas | ||
| 490 | 0 | _aEscolar de literatura | |
| 586 | _aPremio Lazarillo de Literatura 1996 | ||
| 650 | 4 |
_aNovela española _910814 |
|
| 651 | 4 |
_aVenecia, Italia _xVida social y costumbres _vNovela _945672 |
|
| 905 | _aLibro | ||
| 942 |
_2lcc _cLIBRO |
||
| 999 |
_c141436 _d141436 |
||